Central Library OPAC University of Rajshahi
Normal view MARC view

Entry Topical Term

Number of records used in: 2

001 - CONTROL NUMBER

  • control field: 3895

003 - CONTROL NUMBER IDENTIFIER

  • control field: BD-RjUL

005 - DATE AND TIME OF LATEST TRANSACTION

  • control field: 20220626155120.0

008 - FIXED-LENGTH DATA ELEMENTS

  • fixed length control field: 220626|| aca||aabn | a|a d

040 ## - CATALOGING SOURCE

  • Original cataloging agency: BD-RjUL
  • Transcribing agency: BD-RjUL

150 ## - HEADING--TOPICAL TERM

  • Topical term or geographic name entry element: সাহিত্যে নারী

670 ## - SOURCE DATA FOUND

  • Source citation: Work cat.: (BD-RjUL)77903: আমিরুজ্জামান, মো. 144653, সেলিম আল দীনের নাটকে নারী চরিত্র = Female Charaters in the plays of selim al Deen :, 2014